Guess the Fusion Rock Song Lyrics #107 - Statistics

General Stats
  • This quiz has been taken 14 times
  • The average score is 177 of 292
Answer Stats
Answer % Correct
a
91%
A
91%
An
91%
and
91%
And
91%
I
91%
so
91%
you
91%
go
82%
He
82%
he
82%
in
82%
life
82%
The
82%
the
82%
am
73%
be
73%
but
73%
But
73%
don't
73%
eyes
73%
for
73%
His
73%
his
73%
I'm
73%
is
73%
just
73%
love
73%
my
73%
My
73%
not
73%
of
73%
to
73%
are
64%
band
64%
been
64%
can
64%
come
64%
got
64%
has
64%
I've
64%
know
64%
man
64%
me
64%
other
64%
out
64%
said
64%
some
64%
son
64%
think
64%
this
64%
time
64%
well
64%
were
64%
when
64%
your
64%
Dan Fogelberg
55%
growing
55%
heart
55%
leader
55%
legacy
55%
lives
55%
living
55%
Living
55%
old
55%
One
55%
only
55%
soul
55%
thank
55%
they
55%
through
55%
times
55%
was
55%
went
55%
attempt
45%
blood
45%
came
45%
child
45%
gave
45%
imitate
45%
instrument
45%
it
45%
music
45%
poor
45%
runs
45%
took
45%
way
45%
enough
36%
hand
36%
hands
36%
home
36%
known
36%
song
36%
wouldn't
36%
call
27%
Chicago
27%
Colorado
27%
different
27%
gift
27%
heard
27%
hotel
27%
left
27%
lone
27%
near
27%
never
27%
once
27%
Papa
27%
St. Paul
27%
tired
27%
tried
27%
years
27%
alone
18%
brother's
18%
cabinet
18%
chose
18%
discipline
18%
earned
18%
gentle
18%
maker's
18%
meant
18%
quiet
18%
repay
18%
soldier
18%
tough
18%
wait
18%
denied
9%
fate
9%
freedom
9%
kindness
9%
means
9%
none
9%
road
9%
sculpting
9%
simpler
9%
souls
9%
stories
9%
thundering
9%
understand
9%
velvet
9%
wild
9%
work
9%
solitary
0%
No matching quizzes found
Score Distribution
Percent of People with Each Score
Percentile by Number Answered
Your Score History
You have not taken this quiz